000 00863nas a2200277 4500
001 BR0807474
003 BR-BrBNA
005 20231205112241.0
007 ta
008 230509b bl.|||p| |||| 00| 00por d
040 _aBR-BrBNA
_bpor
_cBiblioteca Nacional de Agricultura
041 _a(Pt)
072 _aH20
100 1 _aSpósito, M.B.
100 1 _aAmorim, L.
100 1 _aBelasque Junior, J.
100 1 _aBassanezi, R.
100 1 _aAquino, R. de
245 1 _aElaboração e validação de escala diagramática para avaliação da severidade da mancha preta em frutos cítricos
650 _aCITRUS
650 _aDOENÇA DE PLANTA
650 _aMANCHA PRETA
773 0 _tFitopatologia Brasileira (Brazil)
_xISSN 0100-4158
_g(Jan-Feb 2004), v. 29(1) p. 81-85
_wBR0807474
909 _a202311
_bLúcia
_c55
_dLúcia Elande
942 _2AGRIS
_n0
_cANA
999 _c196979
_d196979